La importancia del control público en los sistemas democráticos (Registro nro. 24019)

Detalles MARC
000 -LEADER
fixed length control field 00340 a2200109 4500
001 - CONTROL NUMBER
control field ART_31282
005 - DATE AND TIME OF LATEST TRANSACTION
control field 20260410161840.0
008 - FIXED-LENGTH DATA ELEMENTS--GENERAL INFORMATION
fixed length control field 260409a
100 1# - MAIN ENTRY--PERSONAL NAME
Personal name Ivanega, Miriam Mabel
245 10 - TITLE STATEMENT
Title La importancia del control público en los sistemas democráticos
773 0# - HOST ITEM ENTRY
Title RAP
Related parts - Año 36, Nº 422 (nov. 2013)
Record control number REV5941

No hay ítems disponibles.